00987 a2200169 45000010006000000050017000060080041000230030015000640400040000790800021001192450044001402640085001843000019002695050498002880410008007861000023007945776820260407155837.0260407a1984 arg spa dAR-UNSa-BCEJYS aAR-UNSa-BCEJYSbspacAR-UNSa-BCEJYS a271.4xAgustinos10aProblemática filosófica Agustiniana 1aMendoza :bUniversidad Nacional de Cuyo. Facultad de Ciencias Económicasc1984 a214 p.c22 cm. a1. la personalidad de San Agustín – 2. San Agustín, el filósofo de la interioridad – 3. El hombre como “imago et similitudo dei” – 4. El problema del origen del alma – 5. La unión de cuerpo y alma – 6. El descubrimiento de Dios – 7. La búsqueda de la verdad – 8. El problema de la libertad y de la gracia – 9. El problema del mal – 10. La virtud – 11. La educación como autoformación – 12. El humanismo político – 13. La perennidad de San Agustín  aspa1 aLetizia, Francisco